| 000 | 00357 a2200157 4500 | ||
|---|---|---|---|
| 001 | 193081 | ||
| 020 | _a978-85-380-5912-7 | ||
| 040 | _cMagnum | ||
| 100 | _aGarland, Sally Anne | ||
| 240 | 1 | 0 |
_aNão fale com a boca cheia! _lpor |
| 245 | 1 | 0 | _aNão fale com a boca cheia! |
| 300 | _a24 | ||
| 362 | 0 | _a2014 | |
| 697 | _aLITERATURA INFANTIL | ||
| 942 | _cBK | ||
| 999 |
_c193081 _d193081 |
||